| 000 | 00556nam a2200229Ia 4500 | ||
|---|---|---|---|
| 003 | OSt | ||
| 005 | 20220516125850.0 | ||
| 008 | 210210b2006 xxu||||| |||| 00| 0 eng d | ||
| 040 |
_aAL _c |
||
| 041 | _aEnglish | ||
| 082 | _a657.46 RAOB | ||
| 100 |
_aRAO (K Sadashiva) _937336 |
||
| 245 | _aBusiness Taxation II 2006-07 | ||
| 250 | _a8 Rev. | ||
| 260 |
_aUdupi _bSushrutha Books _c2006 |
||
| 300 | _a403 | ||
| 650 |
_aTaxation _937337 |
||
| 690 |
_aBusiness Taxation _937338 |
||
| 700 |
_aGANESH (Y) _937339 |
||
| 906 | _a061045 | ||
| 942 |
_2ddc _cBK |
||
| 999 |
_c108044 _d108044 |
||